[Event "DVM U16 2010"]
[Site "Naumburg (Saale) GER"]
[Date "2010.12.29"]
[Round "5"]
[White "Medvedovski, Michael"]
[Black "Zimmermann, Ulrich"]
[Result "0-1"]
[Termination "normal"]
[Board "1.1"]
[WhiteElo "1886"]
[BlackElo "2054"]
[WhiteTeam "Sabt Frankfurter TV 1860"]
[BlackTeam "SK Bebenhausen"]
[PlyCount "100"]
[WhiteFideId "24600830"]
[BlackFideId "24654523"]
[EventCountry "GER"]
[EventRounds "7"]
[EventType "team-swiss"]
[EventDate "2010.12.26"]

1. e4 c5 2. Nf3 Nc6 3. d4 cxd4 4. Nxd4 Nf6 5. Nc3 e5 6. Ndb5 d6 7. Nd5 Nxd5 8.
exd5 Nb8 9. a4 Be7 10. Be2 O-O 11. O-O Nd7 12. Kh1 f5 13. f4 a6 14. Na3 exf4
15. Bxf4 Ne5 16. Nc4 Nxc4 17. Bxc4 Bf6 18. c3 g5 19. Be3 f4 20. Bd4 Bf5 21. Bd3
Qd7 22. Bxf5 Qxf5 23. Bxf6 Rxf6 24. Qb3 g4 25. c4 Raf8 26. Rae1 Rh6 27. g3 f3
28. Rf2 Rf7 29. Qc2 Qd7 30. Qe4 Kf8 31. Rff1 Rg6 32. Qd4 Qxa4 33. b3 Qd7 34.
Re4 Qf5 35. Rfe1 Rgf6 36. Qf2 h5 37. Kg1 Kg7 38. Kf1 b5 39. Qa2 f2 40. R1e3
bxc4 41. bxc4 Qg5 42. Qb2 Kh7 43. Qb8 Rf3 44. Qe8 Qg7 45. Qa4 Rxe3 46. Rxe3 Qb2
47. Qd1 Kg7 48. Re2 Qc3 49. Rc2 Qe3 50. Ra2 Qe4 0-1

[Event "DVM U16 2010"]
[Site "Naumburg (Saale) GER"]
[Date "2010.12.29"]
[Round "5"]
[White "Braun, Georg"]
[Black "Diyap, Murat"]
[Result "1-0"]
[Termination "normal"]
[Board "1.2"]
[WhiteElo "2073"]
[BlackElo "1951"]
[WhiteTeam "SK Bebenhausen"]
[BlackTeam "Sabt Frankfurter TV 1860"]
[PlyCount "77"]
[WhiteFideId "24629383"]
[BlackFideId "1272104"]
[EventCountry "GER"]
[EventRounds "7"]
[EventType "team-swiss"]
[EventDate "2010.12.26"]

1. e4 c5 2. Nf3 Nc6 3. d4 cxd4 4. Nxd4 Nf6 5. Nc3 e5 6. Ndb5 d6 7. Bg5 a6 8.
Na3 b5 9. Nd5 Be7 10. Bxf6 Bxf6 11. c3 Rb8 12. Nc2 Bg5 13. a4 O-O 14. axb5 axb5
15. Bd3 g6 16. Qe2 Ne7 17. Ncb4 Nxd5 18. Nxd5 Bb7 19. Bxb5 Bxd5 20. exd5 Qb6
21. c4 f5 22. O-O f4 23. Qg4 Rf5 24. Ra6 Qc5 25. Qf3 Rb7 26. Qa3 Qd4 27. Rc6 f3
28. Qa8+ Rf8 29. Rc8 Rbf7 30. gxf3 Rxf3 31. Rxf8+ Rxf8 32. Qa3 Bh4 33. Qh3
Bxf2+ 34. Kh1 Rf5 35. Bd7 Rh5 36. Qe6+ Kg7 37. Qe7+ Kh6 38. Qf8+ Kg5 39. Qxf2
1-0

[Event "DVM U16 2010"]
[Site "Naumburg (Saale) GER"]
[Date "2010.12.29"]
[Round "5"]
[White "Keller, Peter"]
[Black "Kaulich, Philipp Theodor"]
[Result "1/2-1/2"]
[Termination "normal"]
[Board "1.3"]
[WhiteElo "1802"]
[BlackElo "1961"]
[WhiteTeam "Sabt Frankfurter TV 1860"]
[BlackTeam "SK Bebenhausen"]
[PlyCount "66"]
[WhiteFideId "1272105"]
[BlackFideId "4641582"]
[EventCountry "GER"]
[EventRounds "7"]
[EventType "team-swiss"]
[EventDate "2010.12.26"]

1. e4 c5 2. d4 cxd4 3. c3 Nf6 4. e5 Nd5 5. Nf3 Nc6 6. cxd4 d6 7. Bc4 Nb6 8. Bb3
dxe5 9. d5 Na5 10. Nc3 Nxb3 11. Qxb3 e6 12. dxe6 Bxe6 13. Qb5+ Qd7 14. Qxe5 f6
15. Qe4 Bc5 16. O-O O-O 17. b4 f5 18. Qh4 Be7 19. Bg5 Bxg5 20. Nxg5 h6 21. Nxe6
Qxe6 22. Rfe1 Qc4 23. Qxc4+ Nxc4 24. Re7 Rf7 25. Rae1 Kf8 26. Rxf7+ Kxf7 27.
Rd1 Re8 28. a3 Re7 29. Nb5 a6 30. Nd6+ Nxd6 31. Rxd6 Re6 32. Rd7+ Re7 33. Rd6
Re6 1/2-1/2

[Event "DVM U16 2010"]
[Site "Naumburg (Saale) GER"]
[Date "2010.12.29"]
[Round "5"]
[White "Gibicar, Danijel"]
[Black "Abrahamyan, Arsen"]
[Result "1-0"]
[Termination "normal"]
[Board "1.4"]
[WhiteElo "2003"]
[BlackElo "1709"]
[WhiteTeam "SK Bebenhausen"]
[BlackTeam "Sabt Frankfurter TV 1860"]
[PlyCount "87"]
[WhiteFideId "24660256"]
[BlackFideId "1271755"]
[EventCountry "GER"]
[EventRounds "7"]
[EventType "team-swiss"]
[EventDate "2010.12.26"]

1. d4 Nf6 2. c4 d6 3. Nf3 Nbd7 4. Nc3 g6 5. g3 Bg7 6. Bg2 O-O 7. O-O e5 8. e4
a6 9. Re1 Re8 10. h3 Rb8 11. a4 Nb6 12. dxe5 dxe5 13. b3 Nbd7 14. Qc2 c6 15. a5
Qc7 16. Rd1 b5 17. axb6 Qxb6 18. Rb1 Bf8 19. Na4 Qa7 20. Be3 Bc5 21. Nxc5 Nxc5
22. b4 Nfxe4 23. bxc5 Rxb1 24. Rxb1 Nxc5 25. Qc3 Qe7 26. Qb4 Nb7 27. Qxe7 Rxe7
28. Nd2 Nd6 29. Bc5 Rd7 30. Rb8 Kg7 31. Bxd6 Rxd6 32. Rxc8 Rxd2 33. Bxc6 Rd1+
34. Kg2 Rc1 35. Bd5 a5 36. Rc7 a4 37. Rxf7+ Kh8 38. Ra7 Ra1 39. c5 Rd1 40. Bf3
Ra1 41. c6 a3 42. c7 Rc1 43. Ra8+ Kg7 44. c8=Q 1-0

[Event "DVM U16 2010"]
[Site "Naumburg (Saale) GER"]
[Date "2010.12.29"]
[Round "5"]
[White "Bauschmann, Christoph"]
[Black "Schindlbeck, Tobias"]
[Result "1/2-1/2"]
[Termination "normal"]
[Board "2.1"]
[WhiteElo "1905"]
[BlackElo "1910"]
[WhiteTeam "Stader SV"]
[BlackTeam "FC Ergolding"]
[PlyCount "108"]
[WhiteFideId "24603414"]
[BlackFideId "24615510"]
[EventCountry "GER"]
[EventRounds "7"]
[EventType "team-swiss"]
[EventDate "2010.12.26"]

1. e4 e6 2. d4 d5 3. Nc3 Bb4 4. e5 Ne7 5. a3 Bxc3+ 6. bxc3 c5 7. Qg4 O-O 8. Bd3
Nbc6 9. Qh5 g6 10. Qh4 c4 11. Be2 f6 12. f4 Nf5 13. Qh3 Qc7 14. Nf3 b5 15. O-O
Qg7 16. Bd2 Bd7 17. g4 Nfe7 18. Nh4 fxe5 19. fxe5 g5 20. Ng2 h6 21. Rae1 Rxf1+
22. Rxf1 Rf8 23. Ne3 Ng6 24. Rxf8+ Qxf8 25. Nf1 Be8 26. Ng3 Nh4 27. Qf1 Qe7 28.
Bd1 Kh7 29. Bc1 Bg6 30. Qf2 a5 31. Nf1 b4 32. axb4 axb4 33. cxb4 Qxb4 34. Qd2
Qxd2 35. Nxd2 Nxd4 36. c3 Nc6 37. Nf3 Nxf3+ 38. Bxf3 Nxe5 39. Bd1 Be4 40. h3
Kg6 41. Kh2 Nf7 42. Ba4 Kf6 43. Ba3 Bg6 44. Bc5 h5 45. gxh5 Bd3 46. h4 e5 47.
Be8 Nh8 48. hxg5+ Kxg5 49. Kg3 Kf6 50. Kf3 Nf7 51. Bxf7 Kxf7 52. Ke3 Ke6 53. h6
Kd7 54. Bf8 Ke6 1/2-1/2

[Event "DVM U16 2010"]
[Site "Naumburg (Saale) GER"]
[Date "2010.12.29"]
[Round "5"]
[White "Oberpriller, Johannes"]
[Black "Konow, Philipp"]
[Result "0-1"]
[Termination "normal"]
[Board "2.2"]
[WhiteElo "1837"]
[BlackElo "1929"]
[WhiteTeam "FC Ergolding"]
[BlackTeam "Stader SV"]
[PlyCount "114"]
[WhiteFideId "1270621"]
[BlackFideId "4635230"]
[EventCountry "GER"]
[EventRounds "7"]
[EventType "team-swiss"]
[EventDate "2010.12.26"]

1. d4 d5 2. Nf3 Nf6 3. e3 Bg4 4. c4 e6 5. Nc3 Be7 6. Qb3 Bxf3 7. gxf3 b6 8. Bd2
O-O 9. Bg2 Nc6 10. cxd5 exd5 11. O-O Na5 12. Qc2 Nc4 13. Rac1 c6 14. Ne2 Nxd2
15. Qxd2 Rc8 16. Rfd1 Qd7 17. Nf4 Qf5 18. Kh1 Qg5 19. Ne2 Qh4 20. Ng3 Bd6 21.
Rg1 g5 22. Bf1 Kh8 23. Rg2 Qh3 24. Bd3 Nh5 25. Nf5 Bb8 26. Qd1 Rfe8 27. Nh6
Ng3+ 28. fxg3 Qxh6 29. e4 g4 30. Rcc2 Qe3 31. fxg4 dxe4 32. Bc4 Rcd8 33. Rce2
Qf3 34. Qd2 e3 35. Qc3 Kg8 36. g5 b5 37. Bd3 Qd5 38. Qc2 Qxd4 39. Bxh7+ Kg7 40.
Bf5 Re5 41. g4 Rc5 42. Qb1 Bf4 43. Rc2 Re5 44. Rge2 Bxg5 45. Qf1 c5 46. b3 c4
47. bxc4 bxc4 48. Qe1 Bf6 49. Qb4 Rxf5 50. gxf5 Qe4+ 51. Rg2+ Kh7 52. Qe1 Qf3
53. Rce2 c3 54. Qc1 Rd2 55. Qe1 c2 56. Rxd2 exd2 57. Qxd2 Qd1+ 0-1

[Event "DVM U16 2010"]
[Site "Naumburg (Saale) GER"]
[Date "2010.12.29"]
[Round "5"]
[White "Carmesin, Matthias"]
[Black "Schnurr, Christian"]
[Result "1/2-1/2"]
[Termination "normal"]
[Board "2.3"]
[WhiteElo "1862"]
[BlackElo "1930"]
[WhiteTeam "Stader SV"]
[BlackTeam "FC Ergolding"]
[PlyCount "91"]
[WhiteFideId "4635965"]
[BlackFideId "1270622"]
[EventCountry "GER"]
[EventRounds "7"]
[EventType "team-swiss"]
[EventDate "2010.12.26"]

1. Nf3 d5 2. g3 Nf6 3. Bg2 g6 4. O-O Bg7 5. d4 O-O 6. c4 c6 7. cxd5 cxd5 8. Nc3
b6 9. Ne5 Bb7 10. Be3 Nc6 11. Nxc6 Bxc6 12. Rc1 Rc8 13. Qd3 Qd7 14. Rc2 e6 15.
Rfc1 Ne8 16. b3 Nd6 17. Qd2 Nf5 18. g4 Nxe3 19. Qxe3 Rfe8 20. f4 Bf8 21. Nb1
Bd6 22. g5 Bb5 23. Qd2 a5 24. a3 a4 25. b4 Bc4 26. e3 Bb3 27. Rxc8 Rxc8 28. Rc3
Rxc3 29. Qxc3 Qc7 30. Bf1 f6 31. h4 Qxc3 32. Nxc3 e5 33. fxe5 fxe5 34. Kf2 Kf7
35. Bb5 exd4 36. exd4 Bxb4 37. axb4 a3 38. Kf3 a2 39. Nxa2 Bxa2 40. Kf4 Ke6 41.
Be2 Bc4 42. Bg4+ Kd6 43. h5 Bd3 44. h6 Bb5 45. Bf5 Be8 46. Bc2 1/2-1/2

[Event "DVM U16 2010"]
[Site "Naumburg (Saale) GER"]
[Date "2010.12.29"]
[Round "5"]
[White "Schoepe, Tobias"]
[Black "Vogt, Marc Jonas"]
[Result "0-1"]
[Termination "normal"]
[Board "2.4"]
[WhiteElo "1840"]
[BlackElo "1632"]
[WhiteTeam "FC Ergolding"]
[BlackTeam "Stader SV"]
[PlyCount "96"]
[WhiteFideId "24692107"]
[BlackFideId "24695661"]
[EventCountry "GER"]
[EventRounds "7"]
[EventType "team-swiss"]
[EventDate "2010.12.26"]

1. e4 c5 2. Nc3 Nc6 3. f4 g6 4. Nf3 Bg7 5. Bb5 Nd4 6. Bc4 e6 7. O-O Ne7 8. Bb3
Nxb3 9. axb3 O-O 10. d3 d5 11. Qe1 a6 12. Kh1 Rb8 13. Ne2 b5 14. Ng3 Bb7 15. f5
dxe4 16. dxe4 exf5 17. exf5 Re8 18. Qf2 Qc7 19. c3 Bxf3 20. Qxf3 Rb6 21. Be3
Nxf5 22. Nxf5 gxf5 23. Bf4 Qb7 24. Qh3 Qe4 25. Rad1 Rbe6 26. Qh5 Qc2 27. Rd2
Re1 28. Qf3 Qxb3 29. h3 Rxf1+ 30. Qxf1 Qe6 31. Rd6 Qe1 32. Qxe1 Rxe1+ 33. Kh2
Be5 34. Bxe5 Rxe5 35. Rxa6 Re2 36. Rc6 c4 37. Rc5 Rxb2 38. Rxf5 Rb3 39. Kg1 Kg7
40. Kf2 Kg6 41. Rf3 f5 42. g3 b4 43. cxb4 Kf6 44. g4 Rxf3+ 45. Kxf3 c3 46. Ke2
f4 47. b5 f3+ 48. Kxf3 c2 0-1

[Event "DVM U16 2010"]
[Site "Naumburg (Saale) GER"]
[Date "2010.12.29"]
[Round "5"]
[White "Eigemann, Frederik"]
[Black "Gerntke, Oliver"]
[Result "0-1"]
[Termination "normal"]
[Board "3.2"]
[WhiteElo "1973"]
[BlackElo "1910"]
[WhiteTeam "SF Köln-Mülheim"]
[BlackTeam "SC 1911 Großröhrsdorf"]
[PlyCount "110"]
[WhiteFideId "24692034"]
[BlackFideId "24647977"]
[EventCountry "GER"]
[EventRounds "7"]
[EventType "team-swiss"]
[EventDate "2010.12.26"]

1. d4 d5 2. c4 e6 3. Nc3 c6 4. cxd5 exd5 5. Nf3 Bd6 6. Bg5 Ne7 7. Qd2 Bf5 8. e3
Nd7 9. Bd3 Bxd3 10. Qxd3 Nf8 11. Bh4 Qd7 12. Bg3 Nfg6 13. Bxd6 Qxd6 14. Rb1 a5
15. O-O O-O 16. Rfe1 f5 17. a3 Rf6 18. Qd2 Nf8 19. Ne5 Rh6 20. f4 Nd7 21. h3
Nxe5 22. dxe5 Qg6 23. Kh2 Qe8 24. Rh1 Qd7 25. Na4 Nc8 26. Rbc1 Qe7 27. Qe1 b5
28. Nc5 Nb6 29. Nb3 a4 30. Nd4 Qd7 31. e6 Rxe6 32. Nxe6 Qxe6 33. Qc3 Nc4 34.
Rhe1 Re8 35. Rc2 Qe4 36. Rce2 Kf7 37. Kg1 h6 38. Qd4 Qxd4 39. exd4 Re4 40. Rxe4
dxe4 41. Rc1 Ke6 42. Kf2 Kd5 43. Rb1 e3+ 44. Ke2 Kxd4 45. g3 c5 46. Rd1+ Nd2
47. Rc1 g5 48. fxg5 hxg5 49. Rc3 f4 50. gxf4 gxf4 51. Rd3+ Ke4 52. Rxd2 exd2
53. Kxd2 Kf3 54. Kd3 Kg2 55. Ke4 f3 0-1

[Event "DVM U16 2010"]
[Site "Naumburg (Saale) GER"]
[Date "2010.12.29"]
[Round "5"]
[White "Rahmen, Christian"]
[Black "Schneider, Carsten"]
[Result "1-0"]
[Termination "normal"]
[Board "3.4"]
[WhiteElo "1507"]
[BlackElo "1512"]
[WhiteTeam "SF Köln-Mülheim"]
[BlackTeam "SC 1911 Großröhrsdorf"]
[PlyCount "79"]
[WhiteFideId "12901709"]
[EventCountry "GER"]
[EventRounds "7"]
[EventType "team-swiss"]
[EventDate "2010.12.26"]

1. d4 Nf6 2. f3 d5 3. e4 dxe4 4. Nc3 exf3 5. Nxf3 Bg4 6. h3 Bh5 7. g4 Bg6 8.
Ne5 c6 9. g5 Nd5 10. Qf3 Nd7 11. Nxg6 hxg6 12. Nxd5 cxd5 13. Qxd5 Qc7 14. Bb5
e6 15. Bxd7+ Qxd7 16. Qxd7+ Kxd7 17. O-O Ke8 18. Rf3 Bd6 19. Be3 Ke7 20. Raf1
Rhf8 21. d5 e5 22. Re1 f6 23. gxf6+ gxf6 24. Bh6 Rg8 25. Ref1 f5 26. Bg5+ Kf7
27. Kg2 Rac8 28. c3 Be7 29. h4 Bxg5 30. hxg5 Rh8 31. Re3 e4 32. Rxe4 Rhe8 33.
Rxe8 Kxe8 34. Re1+ Kd7 35. Kf3 b5 36. Re6 Rg8 37. b3 Kc7 38. c4 bxc4 39. bxc4
Kd7 40. c5 1-0

[Event "DVM U16 2010"]
[Site "Naumburg (Saale) GER"]
[Date "2010.12.29"]
[Round "5"]
[White "Weber, Max"]
[Black "Moritz, Aron"]
[Result "1/2-1/2"]
[Termination "normal"]
[Board "4.1"]
[WhiteElo "2004"]
[BlackElo "2089"]
[WhiteTeam "SSC Rostock"]
[BlackTeam "Empor Berlin"]
[PlyCount "125"]
[WhiteFideId "4624831"]
[BlackFideId "24672319"]
[EventCountry "GER"]
[EventRounds "7"]
[EventType "team-swiss"]
[EventDate "2010.12.26"]

1. d4 Nf6 2. c4 g6 3. g3 Bg7 4. Bg2 O-O 5. Nf3 d6 6. Nc3 Re8 7. O-O c6 8. h3
Qc7 9. e4 e5 10. Be3 Nbd7 11. Re1 exd4 12. Nxd4 Nc5 13. Qc2 a5 14. Rad1 Be6 15.
Ndb5 cxb5 16. Nxb5 Qe7 17. Nxd6 Rec8 18. Nxc8 Rxc8 19. Bf4 b5 20. cxb5 Bxa2 21.
Bd6 Qa7 22. b4 axb4 23. b6 Qxb6 24. Qxa2 Nfd7 25. e5 b3 26. Qb1 Na4 27. Rc1
Rxc1 28. Rxc1 Bxe5 29. Bxe5 Nxe5 30. Qe4 Qb5 31. Bf1 Qa5 32. Rc8+ Kg7 33. Ra8
Qc3 34. Rxa4 Nf3+ 35. Kg2 b2 36. Rb4 Nd2 37. Qb7 Qc1 38. Bd3 Qc3 39. Bf1 Qc1
40. Bd3 Qc3 41. Qb5 b1=Q 42. Rxb1 Nxb1 43. Bxb1 Qd4 44. Qb7 Qe5 45. Ba2 Qf6 46.
f4 Qf5 47. Qxf7+ Qxf7 48. Bxf7 Kxf7 49. Kf3 Ke6 50. Ke4 Kf6 51. g4 Ke6 52. Kd4
Kf6 53. Kd5 Kf7 54. Ke5 Ke7 55. h4 Kf7 56. h5 gxh5 57. gxh5 Ke7 58. f5 Kf7 59.
f6 Ke8 60. Ke6 Kf8 61. Kf5 Kf7 62. Kg5 Ke6 63. Kh6 1/2-1/2

[Event "DVM U16 2010"]
[Site "Naumburg (Saale) GER"]
[Date "2010.12.29"]
[Round "5"]
[White "Kazman, Caner"]
[Black "Luther, Alexander"]
[Result "1/2-1/2"]
[Termination "normal"]
[Board "4.2"]
[WhiteElo "1878"]
[BlackElo "1910"]
[WhiteTeam "Empor Berlin"]
[BlackTeam "SSC Rostock"]
[PlyCount "54"]
[WhiteFideId "24684953"]
[BlackFideId "24682616"]
[EventCountry "GER"]
[EventRounds "7"]
[EventType "team-swiss"]
[EventDate "2010.12.26"]

1. d4 Nf6 2. c4 g6 3. Nc3 d5 4. cxd5 Nxd5 5. e4 Nxc3 6. bxc3 Bg7 7. Nf3 c5 8.
Be3 Nc6 9. Qd2 Qa5 10. Rc1 cxd4 11. cxd4 Qxd2+ 12. Kxd2 O-O 13. Bb5 Rd8 14.
Bxc6 bxc6 15. Rxc6 Bb7 16. Rc7 Bxe4 17. Rxe7 Bxf3 18. gxf3 Bxd4 19. Bxd4 Rxd4+
20. Ke3 Ra4 21. Rd1 Rxa2 22. Rdd7 Rf8 23. Rxa7 Rxa7 24. Rxa7 Re8+ 25. Kf4 Re1
26. Kg3 Rg1+ 27. Kh3 Kg7 1/2-1/2

[Event "DVM U16 2010"]
[Site "Naumburg (Saale) GER"]
[Date "2010.12.29"]
[Round "5"]
[White "Pererva, Viktor"]
[Black "Lachmann, Daniel"]
[Result "1/2-1/2"]
[Termination "normal"]
[Board "4.3"]
[WhiteElo "1962"]
[BlackElo "1758"]
[WhiteTeam "SSC Rostock"]
[BlackTeam "Empor Berlin"]
[PlyCount "115"]
[WhiteFideId "24696463"]
[BlackFideId "24615986"]
[EventCountry "GER"]
[EventRounds "7"]
[EventType "team-swiss"]
[EventDate "2010.12.26"]

1. e4 c5 2. Nf3 d6 3. d4 cxd4 4. Nxd4 Nf6 5. Nc3 g6 6. Be3 Bg7 7. f3 Nc6 8. Qd2
h5 9. Be2 Bd7 10. O-O-O Rc8 11. h3 h4 12. f4 Nh5 13. Bxh5 Rxh5 14. Rhf1 Qa5 15.
Kb1 b5 16. f5 gxf5 17. Qe2 Rh7 18. exf5 b4 19. Ne4 Qd5 20. Ng5 Nxd4 21. Bxd4
Bxd4 22. Nxh7 Qc5 23. Qe4 Be5 24. Ng5 Bc6 25. Qd3 Bb5 26. Qb3 Bc4 27. Qa4+ Bb5
28. Qb3 Bc4 29. Qa4+ Rc6 30. Ne4 Bxa2+ 31. Kxa2 Qc4+ 32. Kb1 Qxe4 33. Rfe1 Qxg2
34. Rg1 Qe4 35. Rge1 Qc4 36. f6 b3 37. Qxc4 Rxc4 38. cxb3 Rf4 39. fxe7 Rf2 40.
Kc1 Bxb2+ 41. Kb1 Be5 42. Re4 Rb2+ 43. Kc1 Rxb3 44. Rxh4 Kxe7 45. Ra4 Rxh3 46.
Rxa7+ Ke6 47. Kc2 f6 48. Ra5 Rc3+ 49. Kd2 Rh3 50. Ke2 f5 51. Kf2 f4 52. Ra6 Rh6
53. Ke2 Kf5 54. Rg1 Rh2+ 55. Kd3 Rh3+ 56. Ke2 f3+ 57. Ke3 f2+ 58. Kxf2 1/2-1/2

[Event "DVM U16 2010"]
[Site "Naumburg (Saale) GER"]
[Date "2010.12.29"]
[Round "5"]
[White "Alcer, Fabian"]
[Black "Bardosch, Karl"]
[Result "1-0"]
[Termination "normal"]
[Board "4.4"]
[WhiteElo "1780"]
[BlackElo "1678"]
[WhiteTeam "Empor Berlin"]
[BlackTeam "SSC Rostock"]
[PlyCount "139"]
[WhiteFideId "24693898"]
[BlackFideId "24696480"]
[EventCountry "GER"]
[EventRounds "7"]
[EventType "team-swiss"]
[EventDate "2010.12.26"]

1. e4 c5 2. c3 d5 3. exd5 Qxd5 4. d4 Nf6 5. Nf3 e6 6. Be3 cxd4 7. cxd4 Nbd7 8.
Nc3 Qd6 9. Bd3 Be7 10. O-O O-O 11. Qc2 g6 12. Rad1 Nb6 13. Nb5 Qd8 14. Bh6 Nbd5
15. Bxf8 Bxf8 16. Ne5 a6 17. Nc3 Nb4 18. Qb3 Qxd4 19. Nf3 Qc5 20. Na4 Qc7 21.
Rc1 Qe7 22. Be2 Nbd5 23. Nd2 b5 24. Nc5 Bh6 25. Rfd1 Nd7 26. Nxd7 Qxd7 27. Bf3
Bb7 28. Rc2 Rd8 29. Ne4 Qe7 30. Nc5 Bc8 31. h3 Nb6 32. Rxd8+ Qxd8 33. Qd3 Qe7
34. Bc6 Bf4 35. a4 bxa4 36. Nxa4 Nxa4 37. Bxa4 Bb7 38. Bc6 Bxc6 39. Rxc6 Qb4
40. Rc8+ Kg7 41. Qc3+ Qxc3 42. bxc3 a5 43. c4 Kf6 44. Kf1 Bc1 45. c5 a4 46. Ke2
a3 47. Ra8 Ke7 48. Ra7+ Kd8 49. Rxf7 h6 50. f3 Bb2 51. Ra7 Bd4 52. Rxa3 Bxc5
53. Ra8+ Ke7 54. Kd3 Kf6 55. Ke4 Bd6 56. f4 h5 57. g4 hxg4 58. hxg4 g5 59. f5
exf5+ 60. gxf5 Bf4 61. Ra6+ Kf7 62. Kf3 Bd2 63. Kg4 Kg7 64. Kh5 Kf7 65. Rh6 Bc3
66. Kg4 Bf6 67. Rh7+ Kg8 68. Rb7 Kf8 69. Kh5 Be7 70. Kg6 1-0

[Event "DVM U16 2010"]
[Site "Naumburg (Saale) GER"]
[Date "2010.12.29"]
[Round "5"]
[White "Bender, Andreas"]
[Black "Hinrichs, Jan"]
[Result "0-1"]
[Termination "normal"]
[Board "5.1"]
[WhiteElo "1874"]
[BlackElo "1880"]
[WhiteTeam "SF 1974 Heinsberg"]
[BlackTeam "Hamburger SK"]
[PlyCount "98"]
[WhiteFideId "4675878"]
[BlackFideId "12907294"]
[EventCountry "GER"]
[EventRounds "7"]
[EventType "team-swiss"]
[EventDate "2010.12.26"]

1. d4 Nf6 2. Nf3 d5 3. c4 e6 4. Nc3 c5 5. cxd5 exd5 6. g3 Nc6 7. Bg2 Be7 8. O-O
O-O 9. Bg5 cxd4 10. Nxd4 h6 11. Bf4 Be6 12. Rc1 Rc8 13. Nxc6 bxc6 14. Qc2 Qa5
15. Rfd1 Rfd8 16. a3 c5 17. Qd2 Qb6 18. h4 d4 19. Ne4 Bb3 20. Re1 c4 21. Nxf6+
Bxf6 22. Qb4 Qxb4 23. axb4 g5 24. hxg5 hxg5 25. Bd2 c3 26. bxc3 dxc3 27. Be3 c2
28. Be4 Bb2 29. Bxg5 Rd1 30. Kf1 Bxc1 31. Bxc1 Rcd8 32. Bd3 Be6 33. f4 Bf5 34.
Bxf5 Rxe1+ 35. Kxe1 Rd1+ 36. Kf2 Rxc1 37. Ke3 Rb1 38. Bxc2 Rxb4 39. Kd3 a5 40.
Kc3 Kf8 41. e4 Ke7 42. g4 f6 43. Kd3 a4 44. Kc3 a3 45. Kxb4 a2 46. e5 fxe5 47.
fxe5 a1=Q 48. Be4 Qxe5 49. Kc4 Ke6 0-1

[Event "DVM U16 2010"]
[Site "Naumburg (Saale) GER"]
[Date "2010.12.29"]
[Round "5"]
[White "Hinrichs, Lars"]
[Black "Salzmann, Thomas"]
[Result "0-1"]
[Termination "normal"]
[Board "5.2"]
[WhiteElo "1907"]
[BlackElo "1708"]
[WhiteTeam "Hamburger SK"]
[BlackTeam "SF 1974 Heinsberg"]
[PlyCount "46"]
[WhiteFideId "12921769"]
[BlackFideId "12910104"]
[EventCountry "GER"]
[EventRounds "7"]
[EventType "team-swiss"]
[EventDate "2010.12.26"]

1. c4 c5 2. g3 g6 3. Bg2 Bg7 4. Nc3 Nc6 5. a3 Nf6 6. Rb1 O-O 7. e4 d6 8. Nge2
Rb8 9. O-O Nh5 10. d3 f5 11. f4 Nd4 12. h3 fxe4 13. Nxe4 b5 14. Kh2 bxc4 15.
dxc4 Ba6 16. Nxd4 Bxd4 17. Qa4 Qc8 18. Ng5 Bb7 19. Qxa7 Bxg2 20. Kxg2 Qc6+ 21.
Nf3 Rb7 22. Qa5 Qe4 23. Bd2 Qe2+ 0-1

[Event "DVM U16 2010"]
[Site "Naumburg (Saale) GER"]
[Date "2010.12.29"]
[Round "5"]
[White "Meyers, Mark"]
[Black "Gröning, Finn Jonathan"]
[Result "1/2-1/2"]
[Termination "normal"]
[Board "5.3"]
[WhiteElo "1676"]
[BlackElo "1828"]
[WhiteTeam "SF 1974 Heinsberg"]
[BlackTeam "Hamburger SK"]
[PlyCount "59"]
[WhiteFideId "12927716"]
[BlackFideId "1271634"]
[EventCountry "GER"]
[EventRounds "7"]
[EventType "team-swiss"]
[EventDate "2010.12.26"]

1. c4 e5 2. Nc3 Nf6 3. Nf3 Nc6 4. g3 d5 5. cxd5 Nxd5 6. d3 Be7 7. Bg2 Nb6 8.
O-O g5 9. a4 g4 10. Nd2 Be6 11. a5 Nd5 12. a6 b6 13. Qa4 Qd7 14. Nxd5 Bxd5 15.
Bxd5 Qxd5 16. Qxg4 h5 17. Qg7 O-O-O 18. Ne4 h4 19. Be3 Rdg8 20. Nf6 Bxf6 21.
Qxf6 Nd4 22. Bxd4 Qxd4 23. Rac1 hxg3 24. Qf3 gxf2+ 25. Kh1 Rxh2+ 26. Kxh2 Rh8+
27. Kg2 Rg8+ 28. Kh2 Rh8+ 29. Kg2 Rg8+ 30. Kh2 1/2-1/2

[Event "DVM U16 2010"]
[Site "Naumburg (Saale) GER"]
[Date "2010.12.29"]
[Round "5"]
[White "Sander, Dan Allan"]
[Black "Bodden, Daniel"]
[Result "1/2-1/2"]
[Termination "normal"]
[Board "5.4"]
[WhiteElo "1659"]
[BlackElo "1393"]
[WhiteTeam "Hamburger SK"]
[BlackTeam "SF 1974 Heinsberg"]
[PlyCount "91"]
[WhiteFideId "12906964"]
[BlackFideId "12910112"]
[EventCountry "GER"]
[EventRounds "7"]
[EventType "team-swiss"]
[EventDate "2010.12.26"]

1. c4 e5 2. g3 Nf6 3. Bg2 Nc6 4. Nc3 Bb4 5. a3 Bxc3 6. bxc3 O-O 7. d3 Re8 8.
Qc2 d6 9. Rb1 Qe7 10. e4 Rb8 11. Ne2 Bg4 12. f3 Be6 13. O-O Qd7 14. f4 Bh3 15.
f5 Bxg2 16. Kxg2 h6 17. h3 Qe7 18. g4 Nd7 19. Ng3 Nf6 20. g5 hxg5 21. Bxg5 Kf8
22. Kh1 Qd7 23. Qf2 Nh7 24. Bh4 f6 25. Rg1 Qf7 26. Rg2 Ke7 27. Rbg1 Rh8 28. Nf1
Rbg8 29. Ne3 Ng5 30. Qg3 Qh5 31. Bxg5 Qxh3+ 32. Rh2 Qxh2+ 33. Qxh2 Rxh2+ 34.
Kxh2 Rh8+ 35. Kg3 fxg5 36. Kg4 Na5 37. Nd5+ Kd7 38. f6 gxf6 39. Kf5 Rf8 40. Rh1
c6 41. Nxf6+ Ke7 42. Rh6 g4 43. Rh7+ Rf7 44. Rxf7+ Kxf7 45. Nxg4 Nb3 46. Nf2
1/2-1/2

[Event "DVM U16 2010"]
[Site "Naumburg (Saale) GER"]
[Date "2010.12.29"]
[Round "5"]
[White "Tran, Duc Cuong"]
[Black "Cofman, Veaceslav"]
[Result "1/2-1/2"]
[Termination "normal"]
[Board "6.1"]
[WhiteElo "1958"]
[BlackElo "1976"]
[WhiteTeam "LSV Turm Lippstadt"]
[BlackTeam "Karlsruher SF"]
[PlyCount "45"]
[WhiteFideId "24689718"]
[BlackFideId "4661010"]
[EventCountry "GER"]
[EventRounds "7"]
[EventType "team-swiss"]
[EventDate "2010.12.26"]

1. d4 d5 2. Nf3 Nf6 3. e3 Bf5 4. c4 c6 5. Nc3 dxc4 6. Bxc4 e6 7. O-O Nbd7 8.
Qe2 Bg4 9. h3 Bh5 10. Rd1 Qc7 11. e4 e5 12. d5 Bb4 13. dxc6 bxc6 14. Bg5 Bxc3
15. bxc3 O-O 16. Qe3 Rfe8 17. Rdb1 Rab8 18. Rb3 Rb6 19. Rab1 Reb8 20. Ne1 Ne8
21. Be7 Rxb3 22. Bxb3 c5 23. c4 1/2-1/2

[Event "DVM U16 2010"]
[Site "Naumburg (Saale) GER"]
[Date "2010.12.29"]
[Round "5"]
[White "Wiesner, Paula"]
[Black "Scheer, Maximilian"]
[Result "1/2-1/2"]
[Termination "normal"]
[Board "6.2"]
[WhiteElo "1804"]
[BlackElo "1569"]
[WhiteTeam "Karlsruher SF"]
[BlackTeam "LSV Turm Lippstadt"]
[PlyCount "52"]
[WhiteFideId "24654019"]
[BlackFideId "12927732"]
[EventCountry "GER"]
[EventRounds "7"]
[EventType "team-swiss"]
[EventDate "2010.12.26"]

1. d4 d5 2. c4 e6 3. Nc3 Nf6 4. cxd5 exd5 5. Bg5 Nbd7 6. e3 c6 7. Qc2 Be7 8.
Bd3 h6 9. Bh4 Nh5 10. Bxe7 Qxe7 11. Nf3 Nhf6 12. O-O O-O 13. Rab1 Nb6 14. b4
Bg4 15. Nd2 h5 16. a4 h4 17. h3 Be6 18. a5 Nbd7 19. Nf3 Nh5 20. b5 c5 21. dxc5
Nxc5 22. Rbc1 Qf6 23. Be2 Rac8 24. Nd4 Qh6 25. Qb1 Nf6 26. Rfd1 Nfe4 1/2-1/2